Pokémon-Où obtient-on le vélo dans chaque jeu? - Statistiques

Statistiques générales
  • Ce quiz a été pris 23 fois
  • Le résultat moyen est 8 sur 12
Statistiques - réponses
Jeux Lieu d'obtention % Correct
Rouge,Bleu,Jaune Azuria
89%
Rouge Feu, Vert Feuille Azuria
89%
Rubis,Saphir,Emeraude Lavandia
89%
Rubis Oméga, Saphir Alpha Lavandia
89%
Or,Argent,Cristal Doublonville
72%
Heartgold, Soulsilver Doublonville
72%
Diamant, Perle, Platine Vestigion
72%
Diamant Etincelant, Perle Scintillante Vestigion
72%
X, Y Relifac-le-Haut
50%
Noire 2, Blanche 2 Volucité
50%
Noire, Blanche Méanville
39%
Epée, Bouclier Route 5
11%
Aucun quiz correspondant
Distribution des résultats
% des personnes avec chaque résultat
Percentile par nombre de réponses
Votre historique - résultats
Vous n’avez pas pris ce quiz